| 000 | 00929 a2200241 4500 | ||
|---|---|---|---|
| 005 | 20250430152302.0 | ||
| 020 | _a9781946442079 | ||
| 050 | 0 | 0 |
_aHG 4621 _bFIN 2019 |
| 110 | 2 | _aCFA Institute | |
| 245 | 1 | 0 |
_aEthical and Professional Standards and Quantitative Methods : _bCFA Program Curriculum Level 1.Volume 1 / |
| 264 | 1 |
_a[Singapore] : _bWiley, _c2019 |
|
| 300 |
_a746 Pages. _billustrations. |
||
| 336 |
_atext _btxt _2rdacontent |
||
| 337 |
_aunmediated _bn _2rdamedia |
||
| 338 |
_avolume _bnc _2rdacarrier |
||
| 500 | _a"5 January 2023." | ||
| 650 | 0 |
_aInvestment advisors _xProfessional ethics. |
|
| 650 | 0 |
_aInvestment analysis _xStandards. |
|
| 650 | 0 | _aBusiness ethics. | |
| 710 | 2 |
_aCFA Society Singapore, _epublisher. |
|
| 856 | 4 | 0 | _uhttps://cfasocietysingapore.org/wp-content/uploads/2023/01/Exposure-Draft-Recommended-Changes-to-Code-of-Ethics-Standards-Professional-Conduct.pdf |
| 942 |
_2lcc _cBK _h4621 _iETH _kHG |
||
| 999 |
_c11502 _d11502 |
||